Statistiques concernant Pays organisateurs de la finale de la Ligue des Champions (football)

Cliquez ici pour prendre le quiz!

Statistiques générales

  • Ce quiz a été pris 545 fois
  • Le résultat moyen est 59 sur 63

Statistiques - réponses

AnnéePays% Correct
1956France (Paris)
100%
1975France (Paris)
100%
1981France (Paris)
100%
2006France (Saint-Denis)
100%
2000France (Saint-Denis)
100%
1991Italie (Bari)
99%
2001Italie (Milan)
99%
2016Italie (Milan)
99%
1965Italie (Milan)
99%
1970Italie (Milan)
99%
1984Italie (Rome)
99%
1996Italie (Rome)
99%
2009Italie (Rome)
99%
1977Italie (Rome)
99%
2015Allemagne (Berlin)
98%
2004Allemagne (Gelsenkirchen)
98%
2012Allemagne (Munich)
98%
1993Allemagne (Munich)
98%
1979Allemagne (Munich)
98%
1997Allemagne (Munich)
98%
1988Allemagne (Stuttgart)
98%
1959Allemagne (Stuttgart)
98%
1978Angleterre (Londres)
98%
1971Angleterre (Londres)
98%
1963Angleterre (Londres)
98%
1968Angleterre (Londres)
98%
1992Angleterre (Londres)
98%
2013Angleterre (Londres)
98%
2011Angleterre (Londres)
98%
2003Angleterre (Manchester)
98%
1989Espagne (Barcelone)
98%
1999Espagne (Barcelone)
98%
2010Espagne (Madrid)
98%
1957Espagne (Madrid)
98%
1969Espagne (Madrid)
98%
1980Espagne (Madrid)
98%
1986Espagne (Séville)
98%
1967Portugal (Lisbonne)
98%
2014Portugal (Lisbonne)
98%
2008Russie (Moscou)
95%
1966Belgique (Bruxelles)
91%
1958Belgique (Bruxelles)
91%
1974Belgique (Bruxelles)
91%
1985Belgique (Bruxelles)
91%
1961Suisse (Berne)
88%
1998Pays-Bas (Amsterdam)
87%
1962Pays-Bas (Amsterdam)
87%
1982Pays-Bas (Rotterdam)
87%
1972Pays-Bas (Rotterdam)
87%
2005Turquie (Istanbul)
87%
2018Ukraine (Kiev)
87%
1976Ecosse (Glasgow)
81%
2002Ecosse (Glasgow)
81%
1960Ecosse (Glasgow)
81%
2007Grèce (Athènes)
81%
1994Grèce (Athènes)
81%
1983Grèce (Athènes)
81%
1995Autriche (Vienne)
77%
1990Autriche (Vienne)
77%
1964Autriche (Vienne)
77%
1987Autriche (Vienne)
77%
2017Pays de Galles (Cardiff)
77%
1973Yougoslavie (Belgrade)
71%

Distribution des résultats

Percentile par nombre de réponses

% des personnes avec chaque résultat

Votre développement - résultats

Vous n’avez pas pris ce quiz